[Event "Hannover-ch op"]
[Site "Stadthagen"]
[Date "2009.10.03"]
[Round "1"]
[White "Diskin, Semen"]
[Black "Meier, Florian"]
[Result "1-0"]
[WhiteElo "1831"]
[BlackElo "1411"]
[PlyCount "121"]
[EventDate "2009.10.01"]
[EventType "swiss"]
[EventRounds "7"]
[EventCountry "GER"]
[SourceTitle "EXT 2021"]
[Source "ChessBase"]
[SourceDate "2020.10.23"]
[SourceVersion "1"]
[SourceVersionDate "2020.10.23"]
[SourceQuality "1"]

1. e4 c5 2. Ne2 d6 3. g3 Nc6 4. Bg2 g6 5. d3 Bg7 6. Nbc3 Bg4 7. Be3 Nd4 8. 0-0 Qd7 9. f3 Nxe2+ 10. Qxe2 Bh3 11. Bxh3 Qxh3 12. Nd5 Rc8 13. c3 Nf6 14. Nf4 Qd7 15. Rad1 e6 16. d4 cxd4 17. cxd4 d5 18. e5 Ng8 19. Rc1 Rxc1 20. Rxc1 Ne7 21. g4 0-0 22. Nd3 b6 23. Qd2 Qb5 24. Qc3 h6 25. Qa3 Nc6 26. Rc3 Na5 27. b3 Rd8 28. Qe7 Qd7 29. Qxd7 Rxd7 30. Rc8+ Kh7 31. Bd2 Nb7 32. Bb4 g5 33. Ba3 f6 34. Kf2 fxe5 35. dxe5 Kg6 36. Ke3 Kf7 37. f4 gxf4+ 38. Kxf4 Nd8 39. h4 Ke8 40. Bd6 Rf7+ 41. Ke3 Bf8 42. Bxf8 Rxf8 43. Nf4 Kd7 44. Ra8 a5 45. Ra7+ Ke8 46. Nh5 Rf7 47. Nf6+ Kf8 48. Ra8 Ke7 49. Ng8+ Ke8 50. Nxh6 Rd7 51. Ng8 Rc7 52. Nf6+ Ke7 53. Rb8 Rc3+ 54. Kf4 Rc1 55. g5 Rf1+ 56. Ke3 Re1+ 57. Kf4 Rf1+ 58. Kg4 Rg1+ 59. Kh5 d4 60. Rxb6 Nf7 61. Rb7+ 1-0

[Event "Niedersachsen-chT U16"]
[Site "Verden an der Aller"]
[Date "2009.05.24"]
[Round "5.2"]
[White "Lindner, Robert"]
[Black "Meier, Florian"]
[Result "0-1"]
[WhiteElo "1763"]
[BlackElo "1335"]
[PlyCount "100"]
[EventDate "2009.05.21"]
[EventType "team-tourn"]
[EventRounds "5"]
[EventCountry "GER"]
[SourceTitle "EXT 2010"]
[Source "ChessBase"]
[SourceDate "2010.11.25"]
[SourceVersion "1"]
[SourceVersionDate "2010.11.25"]
[SourceQuality "1"]
[WhiteTeam "Ricklingen"]
[BlackTeam "Bueckeburg"]
[WhiteTeamCountry "GER"]
[BlackTeamCountry "GER"]

1. e4 c5 2. c3 d5 3. exd5 Qxd5 4. d4 Nf6 5. Nf3 Bg4 6. Nbd2 e6 7. Bc4 Qd8 8. Qb3 Qc7 9. Bb5+ Nbd7 10. 0-0 a6 11. Bd3 Rc8 12. c4 Bd6 13. h3 Bh5 14. Re1 0-0 15. Bc2 Bxf3 16. Nxf3 cxd4 17. Bd3 Nc5 18. Qc2 e5 19. Bf5 Rcd8 20. Bg5 Ncd7 21. Rad1 Rfe8 22. Nd2 h6 23. Bh4 Bb4 24. Qb3 Bxd2 25. Rxd2 Nc5 26. Qg3 Qd6 27. b4 Ncd7 28. c5 Qc6 29. Rde2 Nh5 30. Qd3 Nf4 31. Qg3 Nxe2+ 32. Rxe2 Nf6 33. a4 Nh5 34. Qg4 Nf4 35. Re1 h5 36. Qg5 f6 37. Qg3 d3 38. b5 d2 39. bxc6 dxe1Q+ 40. Kh2 Rd1 41. Qb3+ Kh8 42. Qf3 Kg8 43. cxb7 Ne2 44. Be6+ Kf8 45. Qxe2 Qxe2 46. c6 Rdd8 47. c7 Qc2 48. c8Q Rxc8 49. bxc8Q Rxc8 50. Bxc8 Qxc8 0-1

[Event "Niedersachsen-chT U16"]
[Site "Verden an der Aller"]
[Date "2009.05.21"]
[Round "1.2"]
[White "Meier, Florian"]
[Black "Thumulka, Patrick"]
[Result "0-1"]
[WhiteElo "1335"]
[BlackElo "1894"]
[PlyCount "50"]
[EventDate "2009.05.21"]
[EventType "team-tourn"]
[EventRounds "5"]
[EventCountry "GER"]
[SourceTitle "EXT 2010"]
[Source "ChessBase"]
[SourceDate "2010.11.25"]
[SourceVersion "1"]
[SourceVersionDate "2010.11.25"]
[SourceQuality "1"]
[WhiteTeam "Bueckeburg"]
[BlackTeam "Oesede Georgsmarienhuette"]
[WhiteTeamCountry "GER"]
[BlackTeamCountry "GER"]

1. d4 d5 2. c4 e6 3. Nf3 c6 4. Nc3 dxc4 5. e4 b5 6. Be2 Bb7 7. 0-0 Nf6 8. Bg5 Be7 9. Qd2 0-0 10. h4 Nbd7 11. Nh2 b4 12. Bxf6 Nxf6 13. Nd1 Nxe4 14. Qe3 Nd6 15. g3 Qb6 16. Nf3 Rad8 17. Ne5 Ba6 18. Qf3 Bb7 19. Ne3 c5 20. Qg4 cxd4 21. N3xc4 Nxc4 22. Nxc4 Qc6 23. f3 d3 24. Bd1 Qc5+ 25. Kg2 Rd4 0-1

[Event "Niedersachsen-chT U16"]
[Site "Verden an der Aller"]
[Date "2009.05.21"]
[Round "2.3"]
[White "Vogel, Julian"]
[Black "Meier, Florian"]
[Result "1-0"]
[WhiteElo "1250"]
[BlackElo "1335"]
[PlyCount "61"]
[EventDate "2009.05.21"]
[EventType "team-tourn"]
[EventRounds "5"]
[EventCountry "GER"]
[SourceTitle "EXT 2010"]
[Source "ChessBase"]
[SourceDate "2010.11.25"]
[SourceVersion "1"]
[SourceVersionDate "2010.11.25"]
[SourceQuality "1"]
[WhiteTeam "Hagen"]
[BlackTeam "Bueckeburg"]
[WhiteTeamCountry "GER"]
[BlackTeamCountry "GER"]

1. d4 Nf6 2. c4 d6 3. Nc3 g6 4. Bg5 Bg7 5. e3 0-0 6. Bd3 Nbd7 7. f4 c5 8. d5 Re8 9. Nf3 Ng4 10. Qd2 f6 11. Bh4 e5 12. 0-0-0 Qa5 13. h3 Nh6 14. g4 Nf7 15. Bg3 Nb6 16. b3 Qa3+ 17. Qb2 Qb4 18. Be1 Qa5 19. Nb5 Nxc4 20. Bxc4 Qb6 21. fxe5 Nxe5 22. Nxe5 Rxe5 23. Bc3 Rxe3 24. Bxf6 Bh6 25. g5 Bf8 26. Nc3 Qb4 27. Rde1 Rf3 28. Re8 b5 29. Be2 Rf2 30. Ne4 Rf4 31. Bd3 1-0

[Event "Hannover-ch U16"]
[Site "Lehrte"]
[Date "2008.10.13"]
[Round "5"]
[White "Meier, Florian"]
[Black "Goehner, Matthias"]
[Result "1-0"]
[WhiteElo "1398"]
[BlackElo "1184"]
[PlyCount "121"]
[EventDate "2008.10.11"]
[EventType "swiss"]
[EventRounds "7"]
[EventCountry "GER"]
[SourceTitle "EXT 2021"]
[Source "ChessBase"]
[SourceDate "2020.10.23"]
[SourceVersion "1"]
[SourceVersionDate "2020.10.23"]
[SourceQuality "1"]

1. d4 d5 2. c4 c6 3. Nf3 Bg4 4. Ne5 Bf5 5. Nc3 Nf6 6. Bf4 Nbd7 7. e3 e6 8. c5 Nxe5 9. Bxe5 Ne4 10. Qb3 Qd7 11. Nxe4 Bxe4 12. f3 Bf5 13. a4 f6 14. Bg3 Be7 15. Bd3 Bxd3 16. Qxd3 Bd8 17. 0-0 Bc7 18. Bxc7 Qxc7 19. f4 f5 20. b4 0-0 21. b5 Rab8 22. Rfb1 Qa5 23. Qd1 Qc7 24. Rb2 g6 25. Rab1 a6 26. bxa6 bxa6 27. Rb6 Rxb6 28. Rxb6 Ra8 29. Qb3 Ra7 30. Rb8+ Kg7 31. Qb6 a5 32. Qxc7+ Rxc7 33. Rb6 Kf7 34. Ra6 Ke7 35. Rxa5 Kd7 36. Ra6 h6 37. a5 Rc8 38. Rb6 Rc7 39. a6 Kc8 40. Kf2 Ra7 41. Rxc6+ Kd7 42. Rb6 Rc7 43. Ke2 Ra7 44. Rb7+ Rxb7 45. axb7 Kc7 46. c6 h5 47. Kd3 h4 48. h3 Kb8 49. Kc3 Ka7 50. Kb4 Kb8 51. Kb5 Kc7 52. Ka6 Kb8 53. c7+ Kxc7 54. Ka7 Kc6 55. b8Q Kd7 56. Kb7 Ke7 57. Kc7 Kf7 58. Kd7 Kg7 59. Ke7 Kh7 60. Kf7 Kh6 61. Qh8# 1-0

[Event "Hannover-ch U16"]
[Site "Lehrte"]
[Date "2008.10.12"]
[Round "4"]
[White "Kleist, Soeren"]
[Black "Meier, Florian"]
[Result "0-1"]
[WhiteElo "1046"]
[BlackElo "1398"]
[PlyCount "96"]
[EventDate "2008.10.11"]
[EventType "swiss"]
[EventRounds "7"]
[EventCountry "GER"]
[SourceTitle "EXT 2021"]
[Source "ChessBase"]
[SourceDate "2020.10.23"]
[SourceVersion "1"]
[SourceVersionDate "2020.10.23"]
[SourceQuality "1"]

1. e4 c5 2. Nf3 d6 3. c4 Nc6 4. Nc3 g6 5. d3 Bg7 6. Be2 f5 7. Bg5 h6 8. Bf4 e5 9. Bd2 Nf6 10. 0-0 f4 11. Nh4 Kf7 12. g3 g5 13. Nf3 g4 14. Nh4 f3 15. Nxf3 gxf3 16. Bxf3 Nd4 17. Bg2 Be6 18. Ne2 Nxe2+ 19. Qxe2 Qd7 20. b4 Bg4 21. f3 Bh3 22. b5 Rag8 23. g4 Bxg2 24. Qxg2 Bf8 25. h3 Nh7 26. Rf2 Qe7 27. Qg3 h5 28. Raf1 hxg4 29. fxg4+ Ke8 30. Rf7 Qd8 31. Rxb7 Rg7 32. Rxg7 Bxg7 33. Rf5 Rf8 34. Qf2 Ke7 35. g5 Rxf5 36. Qxf5 Nf8 37. g6 Qd7 38. Bg5+ Ke8 39. Kg2 Qxf5 40. exf5 Nd7 41. Kf3 Nf6 42. Bxf6 Bxf6 43. Ke4 Kd7 44. Kd5 Bg7 45. h4 Ke7 46. Kc6 Bf6 47. Kb7 d5 48. Kc6 dxc4 0-1

[Event "Hannover-ch U16"]
[Site "Lehrte"]
[Date "2008.10.11"]
[Round "1"]
[White "Meier, Florian"]
[Black "Fritsch, Robin"]
[Result "1-0"]
[WhiteElo "1398"]
[BlackElo "965"]
[PlyCount "201"]
[EventDate "2008.10.11"]
[EventType "swiss"]
[EventRounds "7"]
[EventCountry "GER"]
[SourceTitle "EXT 2021"]
[Source "ChessBase"]
[SourceDate "2020.10.23"]
[SourceVersion "1"]
[SourceVersionDate "2020.10.23"]
[SourceQuality "1"]

1. d4 d5 2. c4 c6 3. Nf3 Nf6 4. Nc3 Bg4 5. cxd5 cxd5 6. Bg5 e6 7. e3 Nc6 8. Bb5 a6 9. Ba4 Bb4 10. 0-0 0-0 11. h3 Bh5 12. a3 Ba5 13. b4 Bc7 14. Bxc6 bxc6 15. Na4 Qd6 16. Bf4 Qe7 17. Bxc7 Qxc7 18. Nc5 Ne4 19. g4 Bg6 20. Ne5 a5 21. f3 Nf6 22. Kg2 axb4 23. axb4 Rfd8 24. Qd2 h5 25. Nxg6 Re8 26. Ne5 h4 27. Ra5 Nh7 28. Rxa8 Rxa8 29. f4 Ra3 30. Kf3 f6 31. Ng6 Ng5+ 32. Kg2 Qd6 33. Nxh4 Ne4 34. Nxe4 dxe4 35. Kg1 Rb3 36. Ng2 Rxb4 37. Qc2 f5 38. Qc5 Qxc5 39. dxc5 Rc4 40. gxf5 exf5 41. Rd1 Rxc5 42. Kf2 Rc2+ 43. Kf1 g6 44. Nh4 Kg7 45. Rd6 Rc5 46. Rxg6+ Kf7 47. Rg5 Kf6 48. Ke2 Rc2+ 49. Kd1 Rc5 50. Kd2 Rd5+ 51. Kc2 c5 52. Rg6+ Kf7 53. Rc6 Kg7 54. Ng6 Rd3 55. Rxc5 Rxe3 56. Rxf5 Kxg6 57. Rg5+ Kh6 58. h4 Rh3 59. Kd2 Rf3 60. f5 Rf4 61. Ke3 Rxh4 62. Rg6+ Kh7 63. Re6 Kg7 64. Kd4 e3+ 65. Kxe3 Kf7 66. Ra6 Rg4 67. Kf3 Rh4 68. Rg6 Ra4 69. Rg4 Ra5 70. Kf4 Kf6 71. Rg6+ Kf7 72. Kg5 Re5 73. Rf6+ Kg7 74. Re6 Rd5 75. Re7+ Kf8 76. Ra7 Ke8 77. Kg6 Rd6+ 78. f6 Kd8 79. Kg7 Rd5 80. f7 Rf5 81. f8Q+ Rxf8 82. Kxf8 Kc8 83. Ke8 Kb8 84. Rd7 Kc8 85. Re7 Kb8 86. Kd8 Ka8 87. Rc7 Kb8 88. Rc1 Kb7 89. Kd7 Kb6 90. Kd6 Kb5 91. Kd5 Kb4 92. Rc7 Kb3 93. Kd4 Kb2 94. Kd3 Kb1 95. Kd2 Kb2 96. Rb7+ Ka3 97. Kc3 Ka4 98. Kc4 Ka5 99. Kc5 Ka6 100. Rc7 Ka5 101. Ra7# 1-0

[Event "Niedersachsen-chT U16"]
[Site "Verden an der Aller"]
[Date "2008.05.04"]
[Round "5.3"]
[White "Rieping, Heiner"]
[Black "Meier, Florian"]
[Result "1-0"]
[WhiteElo "1717"]
[BlackElo "1269"]
[PlyCount "67"]
[EventDate "2008.05.01"]
[EventType "team"]
[EventRounds "7"]
[EventCountry "GER"]
[SourceTitle "EXT 2009"]
[Source "ChessBase"]
[SourceDate "2008.11.26"]
[SourceVersion "1"]
[SourceVersionDate "2008.11.26"]
[SourceQuality "1"]

1. e4 c5 2. Nf3 d6 3. d4 cxd4 4. Nxd4 Nf6 5. Nc3 g6 6. f3 Bg7 7. Be3 0-0 8. Qd2 Nc6 9. 0-0-0 Bd7 10. g4 Ne5 11. h4 h5 12. gxh5 Nxh5 13. Bh6 Bxh6 14. Qxh6 Rc8 15. Rg1 Rxc3 16. bxc3 Qc7 17. Qxh5 Rc8 18. f4 Qxc3 19. Kb1 Nc4 20. Bxc4 Rxc4 21. Rd3 Rb4+ 22. Nb3 Qc4 23. Rdg3 Qxe4 24. Rxg6+ Qxg6 25. Rxg6+ fxg6 26. Qxg6+ Kf8 27. h5 Rb5 28. h6 Bf5 29. Qg7+ Ke8 30. h7 Bxh7 31. Qxh7 a5 32. Kc1 a4 33. Nd4 Rb4 34. Nf5 1-0

[Event "Hannover-ch U14"]
[Site "Bueckeburg"]
[Date "2007.11.02"]
[Round "3"]
[White "Meier, Florian"]
[Black "Boeer, Nils"]
[Result "1-0"]
[WhiteElo "1221"]
[BlackElo "1174"]
[PlyCount "81"]
[EventDate "2007.11.01"]
[EventType "swiss"]
[EventRounds "7"]
[EventCountry "GER"]
[SourceTitle "EXT 2021"]
[Source "ChessBase"]
[SourceDate "2020.10.23"]
[SourceVersion "1"]
[SourceVersionDate "2020.10.23"]
[SourceQuality "1"]

1. d4 d5 2. c4 e6 3. Nc3 Nf6 4. Nf3 h6 5. Bf4 Bd6 6. Bxd6 Qxd6 7. e3 Nbd7 8. c5 Qe7 9. Nb5 Qd8 10. Bd3 0-0 11. 0-0 b6 12. c6 Nb8 13. Ne5 Ne4 14. Qc2 f6 15. Ng6 Re8 16. Bxe4 dxe4 17. Qxe4 Qd5 18. Qxd5 exd5 19. Nxc7 Rf8 20. Nxf8 Kxf8 21. Nxa8 Nxc6 22. Rac1 Ne7 23. Rc7 g5 24. Rfc1 Bf5 25. Rxa7 Nc8 26. Rb7 Nd6 27. Rb8+ Kg7 28. Rc6 Nf7 29. Rbxb6 Be4 30. Rxf6 Nd8 31. f3 Bd3 32. Rxh6 g4 33. Rhd6 Nf7 34. Rb7 gxf3 35. Rdd7 Bg6 36. Rxf7+ Bxf7 37. Rxf7+ Kxf7 38. Nc7 fxg2 39. Nxd5 Ke6 40. e4 Kd6 41. Kxg2 1-0

[Event "Hannover-ch U14"]
[Site "Lehrte"]
[Date "2006.10.17"]
[Round "7"]
[White "Lindner, Robert"]
[Black "Meier, Florian"]
[Result "1-0"]
[WhiteElo "1427"]
[BlackElo "952"]
[PlyCount "61"]
[EventDate "2006.10.14"]
[EventType "swiss"]
[EventRounds "7"]
[EventCountry "GER"]
[SourceTitle "EXT 2021"]
[Source "ChessBase"]
[SourceDate "2020.10.23"]
[SourceVersion "1"]
[SourceVersionDate "2020.10.23"]
[SourceQuality "1"]

1. e4 e5 2. Nf3 Nc6 3. Bb5 Nf6 4. 0-0 Nxe4 5. Re1 d5 6. d3 Nf6 7. Nxe5 Be6 8. Nxc6 Qd6 9. Nd4+ c6 10. Ba4 b5 11. Bb3 Be7 12. Nxe6 fxe6 13. Nc3 0-0 14. Qe2 Rae8 15. Qxe6+ Qxe6 16. Rxe6 Bb4 17. Rxe8 Rxe8 18. Bd2 Bxc3 19. Bxc3 Re2 20. Re1 Rxe1+ 21. Bxe1 a5 22. Bxa5 Kf7 23. f3 Ke6 24. Kf2 Nh5 25. Ke3 Ke5 26. Bc3+ Ke6 27. g4 c5 28. gxh5 c4 29. dxc4 dxc4 30. Bxc4+ bxc4 31. Bxg7 1-0

[Event "Hannover-ch U14"]
[Site "Lehrte"]
[Date "2006.10.15"]
[Round "4"]
[White "Meier, Florian"]
[Black "Beyer, Kraft Jr"]
[Result "1-0"]
[WhiteElo "952"]
[BlackElo "1193"]
[PlyCount "47"]
[EventDate "2006.10.14"]
[EventType "swiss"]
[EventRounds "7"]
[EventCountry "GER"]
[SourceTitle "EXT 2021"]
[Source "ChessBase"]
[SourceDate "2020.10.23"]
[SourceVersion "1"]
[SourceVersionDate "2020.10.23"]
[SourceQuality "1"]

1. c4 e6 2. d4 d5 3. Nf3 Nf6 4. Bg5 Be7 5. e3 0-0 6. Bd3 dxc4 7. Bxc4 h6 8. Bxf6 Bxf6 9. 0-0 Nc6 10. Nc3 b6 11. Qe2 e5 12. d5 Ne7 13. e4 c6 14. Rad1 cxd5 15. Nxd5 Nxd5 16. Bxd5 Rb8 17. Bxf7+ Kxf7 18. Rxd8 Rxd8 19. Qc4+ Be6 20. Qc7+ Be7 21. Qxa7 b5 22. Nxe5+ Kf8 23. Nc6 Ra8 24. Qxe7+ 1-0